[Event "CZE-chT2F 1920"]
[Site "Czech Republic"]
[Date "2020.02.23"]
[Round "9.5"]
[White "Pan, Vladimir"]
[Black "Kopcova, Ludmila"]
[Result "1-0"]
[WhiteElo "2001"]
[BlackElo "1923"]
[PlyCount "81"]
[EventDate "2019.10.13"]
[EventType "team-tourn"]
[EventRounds "11"]
[EventCountry "CZE"]
[SourceTitle "EXT 2024"]
[Source "ChessBase"]
[SourceDate "2023.10.10"]
[SourceVersion "1"]
[SourceVersionDate "2023.10.10"]
[SourceQuality "1"]
[WhiteTeam "Vrbno pod Pradedem"]
[BlackTeam "Ostrava TJ Nova Hut II"]
[WhiteTeamCountry "CZE"]
[BlackTeamCountry "CZE"]

1. e4 e5 2. Nf3 Nf6 3. d4 Nxe4 4. Bd3 d5 5. Nxe5 Nd7 6. Nxf7 Kxf7 7. Qh5+ g6 8. Qxd5+ Kg7 9. Bxe4 Bd6 10. Qg5 Nf6 11. Qh6+ Kf7 12. Bd3 Re8+ 13. Be3 Kg8 14. h3 Nd5 15. 0-0 Bf8 16. Qg5 Be7 17. Qg3 Bd6 18. Qf3 c6 19. Nd2 Rf8 20. Qe2 Nf4 21. Bc4+ Kh8 22. Bxf4 Rxf4 23. Nf3 Qf6 24. Qe8+ Kg7 25. Ne5 Bxh3 26. Qxa8 Qg5 27. g3 Bxe5 28. Qg8+ Kh6 29. dxe5 Rf3 30. Kh2 Qh5 31. Kg1 Qg5 32. Bd5 cxd5 33. Qxd5 Rf5 34. Rfe1 Bg4 35. Qh1+ Kg7 36. Qxb7+ Rf7 37. f4 Qh5 38. Qh1 Qf5 39. Qg2 Rc7 40. c3 Rd7 41. Re3 1-0

[Event "EU-chT U18 Girls"]
[Site "Pardubice"]
[Date "2019.07.17"]
[Round "7.1"]
[White "Jaufarally, Nadia"]
[Black "Kopcova, Ludmila"]
[Result "1-0"]
[WhiteElo "1944"]
[BlackElo "1980"]
[PlyCount "137"]
[EventDate "2019.07.11"]
[EventType "team-swiss"]
[EventRounds "7"]
[EventCountry "CZE"]
[SourceTitle "CBM 191 Extra"]
[Source "ChessBase"]
[SourceDate "2019.09.30"]
[SourceVersion "1"]
[SourceVersionDate "2019.09.30"]
[SourceQuality "1"]
[WhiteTeam "England U18 Girls"]
[BlackTeam "MS Region U18 Girls"]
[WhiteTeamCountry "ENG"]
[BlackTeamCountry "CZE"]

1. e4 e5 2. Nf3 Nf6 3. Nxe5 d6 4. Nf3 Nxe4 5. Nc3 Nxc3 6. dxc3 Be7 7. Be3 0-0 8. Qd2 Nd7 9. 0-0-0 c6 10. Kb1 d5 11. c4 Nf6 12. cxd5 Nxd5 13. Bc4 Nxe3 14. Qxe3 Qc7 15. Rhe1 Bf6 16. Ng5 Bxg5 17. Qxg5 h6 18. Re7 hxg5 19. Rxc7 Be6 20. Bxe6 fxe6 21. f3 Rad8 22. Rxd8 Rxd8 23. Kc1 Rf8 24. Rxb7 g4 25. Rb3 e5 26. Re3 gxf3 27. Rxf3 Rd8 28. Rd3 Rf8 29. Kd1 Rf2 30. Rd2 Rf1+ 31. Ke2 Ra1 32. a3 Ra2 33. c3 Kf7 34. Ke3 Ke6 35. Kd3 Ra1 36. Re2 Rd1+ 37. Kc4 Rd5 38. b4 Kf5 39. a4 a6 40. g3 e4 41. Rf2+ Ke5 42. Rf8 Rd2 43. Re8+ Kf5 44. Rf8+ Ke5 45. Re8+ Kf5 46. Rf8+ Ke5 47. Kc5 Rxh2 48. Kxc6 Rc2 49. Re8+ Kf5 50. Rf8+ Ke5 51. Re8+ Kf5 52. Kb6 Rxc3 53. Kxa6 Rxg3 54. b5 Rb3 55. b6 e3 56. b7 Kf4 57. Re6 Kf3 58. Rb6 Rxb6+ 59. Kxb6 e2 60. b8Q e1Q 61. Qf8+ Kg4 62. Qxg7+ Kh5 63. Qf7+ Kg5 64. Qd5+ Kf6 65. Qc6+ Kf7 66. a5 Qe3+ 67. Kb7 Qb3+ 68. Ka8 Ke7 69. Qb7+ 1-0

[Event "EU-chT U18 Girls"]
[Site "Pardubice"]
[Date "2019.07.15"]
[Round "5.1"]
[White "Kopcova, Ludmila"]
[Black "Muetsch, Annmarie"]
[Result "0-1"]
[WhiteElo "1980"]
[BlackElo "2266"]
[PlyCount "82"]
[EventDate "2019.07.11"]
[EventType "team-swiss"]
[EventRounds "7"]
[EventCountry "CZE"]
[SourceTitle "CBM 191 Extra"]
[Source "ChessBase"]
[SourceDate "2019.09.30"]
[SourceVersion "1"]
[SourceVersionDate "2019.09.30"]
[SourceQuality "1"]
[WhiteTeam "MS Region U18 Girls"]
[BlackTeam "Germany U18 Girls"]
[WhiteTeamCountry "CZE"]
[BlackTeamCountry "GER"]

1. d4 Nf6 2. c4 g6 3. Nc3 Bg7 4. e4 d6 5. f3 0-0 6. Be3 Nc6 7. Nge2 a6 8. Qd2 Na5 9. Ng3 b5 10. cxb5 axb5 11. Rc1 c6 12. d5 b4 13. Nb1 c5 14. Bh6 e6 15. dxe6 Bxe6 16. Bxg7 Kxg7 17. b3 Qb6 18. Qf2 Nc6 19. Bd3 Ne5 20. Rd1 Qa5 21. Bc2 Qxa2 22. 0-0 Rad8 23. Nc3 Qa8 24. Nce2 Nc6 25. Ra1 Qb7 26. f4 Ng4 27. Qf3 c4 28. h3 Qb6+ 29. Kh1 Ne3 30. Rfc1 Nxc2 31. Rxc2 c3 32. Rb1 Na5 33. Nc1 d5 34. exd5 Bxd5 35. Qf1 f5 36. Re2 Rfe8 37. Qe1 Bf7 38. Kh2 Rxe2 39. Ngxe2 Qe3 40. Qf1 Rd2 41. Ng3 c2 0-1

[Event "EU-chT U18 Girls"]
[Site "Pardubice"]
[Date "2019.07.12"]
[Round "2.1"]
[White "Kopcova, Ludmila"]
[Black "Katkov, Michelle"]
[Result "1/2-1/2"]
[WhiteElo "1980"]
[BlackElo "2129"]
[PlyCount "118"]
[EventDate "2019.07.11"]
[EventType "team-swiss"]
[EventRounds "7"]
[EventCountry "CZE"]
[SourceTitle "CBM 191 Extra"]
[Source "ChessBase"]
[SourceDate "2019.09.30"]
[SourceVersion "1"]
[SourceVersionDate "2019.09.30"]
[SourceQuality "1"]
[WhiteTeam "MS Region U18 Girls"]
[BlackTeam "Israel U18 Girls"]
[WhiteTeamCountry "CZE"]
[BlackTeamCountry "ISR"]

1. d4 Nf6 2. c4 e6 3. Nc3 Bb4 4. a3 Bxc3+ 5. bxc3 Nc6 6. e3 0-0 7. Bd3 e5 8. Ne2 e4 9. Bc2 b6 10. Ng3 Ba6 11. Nxe4 Bxc4 12. Nxf6+ Qxf6 13. Bd3 Na5 14. Bxc4 Nxc4 15. 0-0 d5 16. f3 Qg6 17. Re1 Rae8 18. Ra2 f5 19. Rae2 a5 20. Qb3 Qf7 21. a4 Re6 22. Qc2 Qg6 23. e4 fxe4 24. fxe4 dxe4 25. Qb3 Nd6 26. Ba3 Qf7 27. Bxd6 cxd6 28. h3 Rb8 29. Rf2 Rf6 30. Qxf7+ Kxf7 31. Rxe4 Rxf2 32. Kxf2 Rc8 33. d5 Rxc3 34. Re6 Rb3 35. Rxd6 Ke7 36. Re6+ Kd7 37. Rc6 b5 38. axb5 Rxb5 39. Ra6 Rxd5 40. Ra7+ Ke6 41. Rxg7 Rd7 42. Rg4 Ra7 43. Ra4 Kd5 44. Ke3 Kc5 45. Kd3 Kb5 46. Rf4 Rc7 47. Rf8 a4 48. Ra8 Rd7+ 49. Kc2 Rf7 50. g4 Rf2+ 51. Kb1 Rh2 52. g5 Rxh3 53. Ka2 Rh5 54. Ra7 Kc6 55. g6 hxg6 56. Ra6+ Kb5 57. Rxg6 Rh2+ 58. Ka3 Rh3+ 59. Ka2 Rh4 1/2-1/2

[Event "EU-chT U18 Girls"]
[Site "Pardubice"]
[Date "2019.07.11"]
[Round "1.1"]
[White "Kopcova, Ludmila"]
[Black "Sliwicka, Alicja"]
[Result "0-1"]
[WhiteElo "1980"]
[BlackElo "2261"]
[PlyCount "48"]
[EventDate "2019.07.11"]
[EventType "team-swiss"]
[EventRounds "7"]
[EventCountry "CZE"]
[SourceTitle "CBM 191 Extra"]
[Source "ChessBase"]
[SourceDate "2019.09.30"]
[SourceVersion "1"]
[SourceVersionDate "2019.09.30"]
[SourceQuality "1"]
[WhiteTeam "MS Region U18 Girls"]
[BlackTeam "Poland U18 Girls"]
[WhiteTeamCountry "CZE"]
[BlackTeamCountry "POL"]

1. d4 Nf6 2. c4 d6 3. Nc3 Nbd7 4. e4 e5 5. Be3 g6 6. f3 exd4 7. Qxd4 Bg7 8. 0-0-0 0-0 9. Qd2 Ne5 10. g4 Be6 11. b3 a5 12. h4 a4 13. h5 axb3 14. axb3 c6 15. hxg6 fxg6 16. Qxd6 Qxd6 17. Rxd6 Bxg4 18. f4 Nf7 19. Rd2 Ra1+ 20. Nb1 Nxe4 21. Rdh2 Nc3 22. Bd3 Rd8 23. Rd2 Na2+ 24. Kc2 Nb4+ 0-1

[Event "CZE-chT U18 Extraliga final-B 1819"]
[Site "Czech Republic"]
[Date "2019.04.13"]
[Round "10.3"]
[White "Skypala, Ondrej"]
[Black "Kopcova, Ludmila"]
[Result "1/2-1/2"]
[WhiteElo "1702"]
[BlackElo "1899"]
[PlyCount "51"]
[EventDate "2018.10.05"]
[EventType "team-tourn"]
[EventRounds "11"]
[EventCountry "CZE"]
[SourceTitle "EXT 2023"]
[Source "ChessBase"]
[SourceDate "2022.10.05"]
[SourceVersion "1"]
[SourceVersionDate "2022.10.05"]
[SourceQuality "1"]
[WhiteTeam "Praha Kobylisy (U18)"]
[BlackTeam "Orlova Slavia (U18)"]
[WhiteTeamCountry "CZE"]
[BlackTeamCountry "CZE"]

1. e4 e5 2. d4 exd4 3. c3 dxc3 4. Bc4 Nc6 5. Nxc3 Nf6 6. Nf3 d6 7. 0-0 Be7 8. h3 0-0 9. Bf4 Nd7 10. Nd5 Nce5 11. Nxe7+ Qxe7 12. Bb3 Nc5 13. Bc2 Bd7 14. b4 Nxf3+ 15. Qxf3 Ne6 16. Be3 Bc6 17. Qh5 g6 18. Qg4 Rfe8 19. h4 Ng7 20. f3 Qe6 21. Qg3 Nf5 22. exf5 Qxe3+ 23. Kh1 Qe5 24. Qg5 Qe3 25. Qg3 Qe5 26. Qg5 1/2-1/2

[Event "CZE-chT U18 Extraliga Ost 1819"]
[Site "Czech Republic"]
[Date "2019.01.19"]
[Round "7.3"]
[White "Kopcova, Ludmila"]
[Black "Stalmach, Richard"]
[Result "1-0"]
[WhiteElo "1899"]
[BlackElo "1993"]
[PlyCount "41"]
[EventDate "2018.10.05"]
[EventType "team-tourn"]
[EventRounds "11"]
[EventCountry "CZE"]
[SourceTitle "EXT 2023"]
[Source "ChessBase"]
[SourceDate "2022.10.05"]
[SourceVersion "1"]
[SourceVersionDate "2022.10.05"]
[SourceQuality "1"]
[WhiteTeam "Orlova Slavia (U18)"]
[BlackTeam "Frydek Mistek BSS (U18)"]
[WhiteTeamCountry "CZE"]
[BlackTeamCountry "CZE"]

1. d4 Nf6 2. c4 e6 3. Nc3 Bb4 4. a3 Bxc3+ 5. bxc3 b6 6. f3 d6 7. e4 0-0 8. Be3 c5 9. Bd3 Nc6 10. Ne2 Ba6 11. Ng3 Rc8 12. Qe2 Qd7 13. 0-0 Na5 14. d5 Qa4 15. Bg5 Bxc4 16. Bxf6 gxf6 17. Nh5 Bxd3 18. Qxd3 Nc4 19. f4 Kh8 20. Nxf6 h6 21. e5 1-0

[Event "CZE-chT U18 Extraliga Ost 1819"]
[Site "Czech Republic"]
[Date "2018.10.06"]
[Round "2.3"]
[White "Kopcova, Ludmila"]
[Black "Babula, Vlastimil1111"]
[Result "0-1"]
[WhiteElo "1899"]
[BlackElo "1865"]
[PlyCount "64"]
[EventDate "2018.10.05"]
[EventType "team-tourn"]
[EventRounds "11"]
[EventCountry "CZE"]
[SourceTitle "EXT 2023"]
[Source "ChessBase"]
[SourceDate "2022.10.05"]
[SourceVersion "1"]
[SourceVersionDate "2022.10.05"]
[SourceQuality "1"]
[WhiteTeam "Orlova Slavia (U18)"]
[BlackTeam "Stare Mesto (U18)"]
[WhiteTeamCountry "CZE"]
[BlackTeamCountry "CZE"]

1. d4 Nf6 2. c4 g6 3. f3 Bg7 4. e4 d6 5. Nc3 0-0 6. Be3 e5 7. Nge2 Nc6 8. d5 Ne7 9. Qd2 a6 10. g4 Bd7 11. Ng3 Rb8 12. a4 c5 13. Bd3 Qa5 14. 0-0 Ne8 15. Qg2 Qd8 16. h4 f6 17. Qd2 f5 18. gxf5 gxf5 19. Bg5 f4 20. Nh5 h6 21. Nxg7 Kxg7 22. Bxe7 Qxe7 23. Qh2 Nf6 24. Kf2 Nh5 25. Rg1+ Kh7 26. Rg2 Rg8 27. Rag1 Rg3 28. Rxg3 fxg3+ 29. Rxg3 Nxg3 30. Qxg3 Rg8 31. Qh2 Qf6 32. Bf1 Rg4 0-1

[Event "CZE-chT U18 Extraliga final-B 1718"]
[Site "Czech Republic"]
[Date "2018.04.22"]
[Round "11.3"]
[White "Novotny, Martin"]
[Black "Kopcova, Ludmila"]
[Result "1/2-1/2"]
[WhiteElo "1879"]
[BlackElo "1878"]
[PlyCount "28"]
[EventDate "2017.10.07"]
[EventType "team-tourn"]
[EventRounds "11"]
[EventCountry "CZE"]
[SourceTitle "EXT 2023"]
[Source "ChessBase"]
[SourceDate "2022.10.05"]
[SourceVersion "1"]
[SourceVersionDate "2022.10.05"]
[SourceQuality "1"]
[WhiteTeam "Ricany (U18)"]
[BlackTeam "Orlova Slavia (U18)"]
[WhiteTeamCountry "CZE"]
[BlackTeamCountry "CZE"]

1. d4 d5 2. c4 e6 3. Nf3 Nf6 4. g3 dxc4 5. Bg2 Nc6 6. 0-0 Rb8 7. e3 b5 8. b3 cxb3 9. axb3 a6 10. Nbd2 Be7 11. Bb2 0-0 12. Qe2 Bb7 13. Rfc1 Nb4 14. Ne5 Bxg2 1/2-1/2

[Event "CZE-chT U18 Extraliga Ost 1718"]
[Site "Czech Republic"]
[Date "2018.01.20"]
[Round "7.3"]
[White "Kopcova, Ludmila"]
[Black "Hrbek, Stepan"]
[Result "0-1"]
[WhiteElo "1878"]
[BlackElo "1904"]
[PlyCount "100"]
[EventDate "2017.10.07"]
[EventType "team-tourn"]
[EventRounds "11"]
[EventCountry "CZE"]
[SourceTitle "EXT 2023"]
[Source "ChessBase"]
[SourceDate "2022.10.05"]
[SourceVersion "1"]
[SourceVersionDate "2022.10.05"]
[SourceQuality "1"]
[WhiteTeam "Orlova Slavia (U18)"]
[BlackTeam "Frydek Mistek Interchess (U18)"]
[WhiteTeamCountry "CZE"]
[BlackTeamCountry "CZE"]

1. d4 Nf6 2. c4 e6 3. Nc3 Bb4 4. a3 Bxc3+ 5. bxc3 Nc6 6. e3 d6 7. Bd3 0-0 8. e4 e5 9. Ne2 h6 10. 0-0 Re8 11. Qc2 b6 12. f4 Ba6 13. fxe5 dxe5 14. d5 Na5 15. c5 Bxd3 16. Qxd3 Nb3 17. Ra2 Nxc5 18. Qf3 Ncxe4 19. c4 b5 20. Ng3 Nxg3 21. Qxg3 Kh8 22. Qh3 Qc8 23. Qh4 Qg4 24. Qxg4 Nxg4 25. Rxf7 bxc4 26. Rxc7 Rec8 27. Re7 Rd8 28. Rd2 Rab8 29. h3 Rb1 30. hxg4 Rxc1+ 31. Kh2 c3 32. Rd3 c2 33. Rc7 Rd1 34. Rdc3 c1Q 35. Rxc1 Rxc1 36. Rxc1 Rxd5 37. Rc7 Ra5 38. Rc3 Kh7 39. Kg3 Kg6 40. Kh4 Ra6 41. Re3 Kf6 42. Kh5 Ke6 43. Kg6 Kd5+ 44. Kxg7 Kd4 45. Rg3 e4 46. g5 hxg5 47. Rxg5 e3 48. Rb5 e2 49. Rb1 Rxa3 50. g4 Rg3 0-1

[Event "CZE-chT U18 Extraliga Ost 1718"]
[Site "Czech Republic"]
[Date "2017.10.07"]
[Round "1.3"]
[White "Pulpan, Matej"]
[Black "Kopcova, Ludmila"]
[Result "1-0"]
[WhiteElo "2067"]
[BlackElo "1878"]
[PlyCount "67"]
[EventDate "2017.10.07"]
[EventType "team-tourn"]
[EventRounds "11"]
[EventCountry "CZE"]
[SourceTitle "EXT 2023"]
[Source "ChessBase"]
[SourceDate "2022.10.05"]
[SourceVersion "1"]
[SourceVersionDate "2022.10.05"]
[SourceQuality "1"]
[WhiteTeam "Polabiny (U18)"]
[BlackTeam "Orlova Slavia (U18)"]
[WhiteTeamCountry "CZE"]
[BlackTeamCountry "CZE"]

1. e4 e5 2. Nf3 Nf6 3. Nc3 Bb4 4. d3 0-0 5. Be2 d5 6. exd5 Nxd5 7. Bd2 Bxc3 8. Bxc3 Nxc3 9. bxc3 Nc6 10. d4 exd4 11. cxd4 Re8 12. 0-0 Bg4 13. c3 Qf6 14. h3 Bh5 15. Rb1 b6 16. Re1 Rad8 17. Qa4 a5 18. Rbd1 h6 19. Qb5 Bg6 20. d5 Ne5 21. Nxe5 Rxe5 22. Qc4 Qe7 23. Kf1 Re8 24. Rd2 Bh5 25. g4 Qh4 26. Kg2 f5 27. d6+ Bf7 28. d7 Rd8 29. Qxc7 Qe7 30. Qxb6 Rxd7 31. Qb8+ Qe8 32. Qxe8+ Bxe8 33. Rxd7 Bxd7 34. Bc4+ 1-0

[Event "Liptovsky Mikulas CupT U20"]
[Site "Liptovsky Mikulas"]
[Date "2017.06.22"]
[Round "2.3"]
[White "Galuszka, Tomasz"]
[Black "Kopcova, Ludmila"]
[Result "1/2-1/2"]
[WhiteElo "1808"]
[BlackElo "1980"]
[PlyCount "47"]
[EventDate "2017.06.21"]
[EventType "team-swiss"]
[EventRounds "8"]
[EventCountry "SVK"]
[SourceTitle "CBM 179 Extra"]
[Source "ChessBase"]
[SourceDate "2017.08.23"]
[SourceVersion "1"]
[SourceVersionDate "2017.08.23"]
[SourceQuality "1"]
[WhiteTeam "Jastrzebie Zdroj Pionier"]
[BlackTeam "Opavsko"]
[WhiteTeamCountry "POL"]
[BlackTeamCountry "CZE"]

1. e4 e5 2. Nf3 Nf6 3. Nxe5 d6 4. Nf3 Nxe4 5. d4 d5 6. Bd3 Nc6 7. 0-0 Be7 8. c4 Nb4 9. Be2 0-0 10. a3 Nc6 11. Nc3 Nxc3 12. bxc3 Bf5 13. Re1 Bf6 14. cxd5 Qxd5 15. Bf4 Qd7 16. Bb5 a6 17. Ne5 Bxe5 18. Bxc6 Qxc6 19. Rxe5 Qd7 20. Qe2 Rfe8 21. Re1 Rxe5 22. Qxe5 c6 23. Qc5 Re8 24. Re3 1/2-1/2

[Event "CZE-ch U16 Girls"]
[Site "Kouty nad Desnou"]
[Date "2017.03.17"]
[Round "8"]
[White "Kopcova, Ludmila"]
[Black "Rosenbaumova, Lea"]
[Result "1-0"]
[WhiteElo "1816"]
[BlackElo "1564"]
[PlyCount "39"]
[EventDate "2017.03.11"]
[EventType "swiss"]
[EventRounds "9"]
[EventCountry "CZE"]
[SourceTitle "CBM 177 Extra"]
[Source "ChessBase"]
[SourceDate "2017.04.27"]
[SourceVersion "1"]
[SourceVersionDate "2017.04.27"]
[SourceQuality "1"]

1. e4 e6 2. d4 d5 3. Nc3 Nf6 4. e5 Nfd7 5. f4 c5 6. Nf3 Nc6 7. Be3 a6 8. Qd2 b5 9. dxc5 Bxc5 10. Bd3 Bb7 11. Bf2 Qb6 12. a3 b4 13. Na4 Bxf2+ 14. Qxf2 Qa5 15. axb4 Nxb4 16. 0-0 0-0 17. Bxh7+ Kxh7 18. Qh4+ Kg8 19. Ng5 Rfe8 20. Qh5 1-0

[Event "Wch U16 Girls"]
[Site "Khanty-Mansiysk"]
[Date "2016.10.01"]
[Round "9"]
[White "Wijesuriya, GPY"]
[Black "Kopcova, Ludmila"]
[Result "1-0"]
[WhiteElo "1588"]
[BlackElo "1798"]
[PlyCount "85"]
[EventDate "2016.09.22"]
[EventType "swiss"]
[EventRounds "11"]
[EventCountry "RUS"]
[SourceTitle "EXT 2017"]
[Source "ChessBase"]
[SourceDate "2016.10.25"]
[SourceVersion "1"]
[SourceVersionDate "2016.10.25"]
[SourceQuality "1"]

1. e4 c5 2. Nc3 Nc6 3. d3 d6 4. Be3 g6 5. Qd2 Bg7 6. g3 Rb8 7. Bg2 b5 8. Rb1 b4 9. Nce2 Nd4 10. Nf3 Qb6 11. 0-0 Bg4 12. Bxd4 cxd4 13. Nf4 Bxf3 14. Bxf3 Nf6 15. Rfe1 0-0 16. Nd5 Nxd5 17. exd5 Rb7 18. Re2 Rc8 19. Rbe1 Rcc7 20. Bg2 Bf6 21. g4 Qa6 22. g5 Bg7 23. Ra1 Rb5 24. f4 Qc8 25. Qe1 Bf8 26. Qf2 Rbc5 27. Rc1 a5 28. b3 Bg7 29. Be4 a4 30. f5 axb3 31. axb3 Rc3 32. fxg6 fxg6 33. Kh1 Qf8 34. Qg2 Be5 35. Rf1 Qg7 36. Rff2 Ra7 37. Qg4 Ra1+ 38. Kg2 Rc7 39. Qe6+ Kh8 40. Rf7 Qg8 41. Bxg6 Qxg6 42. Rf8+ Kg7 43. Qg8# 1-0

[Event "Wch U16 Girls"]
[Site "Khanty-Mansiysk"]
[Date "2016.09.29"]
[Round "7"]
[White "Afonasieva, Anna"]
[Black "Kopcova, Ludmila"]
[Result "1-0"]
[WhiteElo "2132"]
[BlackElo "1798"]
[PlyCount "137"]
[EventDate "2016.09.22"]
[EventType "swiss"]
[EventRounds "11"]
[EventCountry "RUS"]
[SourceTitle "EXT 2017"]
[Source "ChessBase"]
[SourceDate "2016.10.25"]
[SourceVersion "1"]
[SourceVersionDate "2016.10.25"]
[SourceQuality "1"]

1. d4 Nf6 2. Nf3 d6 3. c4 Nbd7 4. g3 e5 5. Bg2 Be7 6. 0-0 0-0 7. Nc3 c6 8. Qc2 Re8 9. Rd1 Qc7 10. b3 Bf8 11. dxe5 dxe5 12. Bb2 a5 13. a3 Nb6 14. Ne4 Nxe4 15. Qxe4 f6 16. h4 Be6 17. Rac1 Bc5 18. b4 axb4 19. axb4 Bf8 20. c5 Nd5 21. Ra1 b6 22. Rxa8 Rxa8 23. Bxe5 Qd7 24. Bb2 bxc5 25. bxc5 Bf7 26. Qc2 Qb7 27. Bd4 Ra5 28. Nd2 Qa7 29. Ne4 Bg6 30. Qc4 Ra4 31. Qc1 Qe7 32. Nc3 Nxc3 33. Qxc3 Qe6 34. Be3 Rc4 35. Qb3 Bc2 36. Bh3 Qf7 37. Qb6 Bxd1 38. Qxc6 f5 39. Bg2 Re4 40. Bxe4 fxe4 41. Qa6 Qd5 42. c6 Bxe2 43. Qxe2 Qxc6 44. Qa2+ Kh8 45. Qf7 Qf6 46. Qe8 Qe7 47. Qa8 h6 48. Kg2 Kh7 49. h5 g6 50. Qd5 gxh5 51. Qf5+ Kh8 52. Qxh5 Kh7 53. Qf5+ Kh8 54. Qg6 Qh7 55. Bd4+ Bg7 56. Qe8+ Qg8 57. Qxe4 Bxd4 58. Qxd4+ Kh7 59. Kf3 Qf7+ 60. Qf4 Qh5+ 61. Ke4 Qe2+ 62. Kf5 Qh5+ 63. Kf6 Qg6+ 64. Ke7 Qb1 65. Qf7+ Kh8 66. Kf8 Qb4+ 67. Qe7 Qd4 68. f4 Qc3 69. Qe5+ 1-0

[Event "Wch U16 Girls"]
[Site "Khanty-Mansiysk"]
[Date "2016.09.25"]
[Round "4"]
[White "Kopcova, Ludmila"]
[Black "Martynkova, Olena"]
[Result "0-1"]
[WhiteElo "1798"]
[BlackElo "2287"]
[PlyCount "68"]
[EventDate "2016.09.22"]
[EventType "swiss"]
[EventRounds "11"]
[EventCountry "RUS"]
[SourceTitle "EXT 2017"]
[Source "ChessBase"]
[SourceDate "2016.10.25"]
[SourceVersion "1"]
[SourceVersionDate "2016.10.25"]
[SourceQuality "1"]

1. d4 Nf6 2. c4 c5 3. d5 b5 4. cxb5 a6 5. b6 d6 6. Nc3 Nbd7 7. e4 Qxb6 8. b3 Qb4 9. Bd2 Nxe4 10. a3 Qd4 11. Nxe4 Qxe4+ 12. Ne2 Nf6 13. f3 Qxd5 14. Nc3 Qb7 15. Bd3 Be6 16. Rb1 g6 17. 0-0 Bg7 18. b4 c4 19. Bc2 0-0 20. Be3 Nd5 21. Nxd5 Bxd5 22. a4 c3 23. Re1 Rac8 24. b5 a5 25. b6 Bc4 26. Bd4 Rfd8 27. Bxg7 Kxg7 28. Qd4+ e5 29. Qe3 Re8 30. Rbc1 d5 31. Qxc3 Qxb6+ 32. Kh1 d4 33. Qd2 Qb4 34. Qd1 Qa3 0-1

[Event "Wch U16 Girls"]
[Site "Khanty-Mansiysk"]
[Date "2016.09.24"]
[Round "3"]
[White "Kiolbasa, Oliwia"]
[Black "Kopcova, Ludmila"]
[Result "1-0"]
[WhiteElo "2196"]
[BlackElo "1798"]
[PlyCount "57"]
[EventDate "2016.09.22"]
[EventType "swiss"]
[EventRounds "11"]
[EventCountry "RUS"]
[SourceTitle "EXT 2017"]
[Source "ChessBase"]
[SourceDate "2016.10.25"]
[SourceVersion "1"]
[SourceVersionDate "2016.10.25"]
[SourceQuality "1"]

1. e4 e5 2. Nf3 Nf6 3. Nxe5 d6 4. Nf3 Nxe4 5. d4 d5 6. Bd3 Nc6 7. 0-0 Be7 8. Nbd2 Nxd2 9. Bxd2 Bg4 10. c3 0-0 11. h3 Bh5 12. g3 Bd6 13. Kg2 f5 14. Qb3 Bxf3+ 15. Kxf3 Ne7 16. Kg2 f4 17. Rae1 b6 18. Qc2 h6 19. c4 dxc4 20. Qxc4+ Kh8 21. Qe6 Rf6 22. Qe4 f3+ 23. Kg1 Qg8 24. d5 Nf5 25. Bc3 Rf7 26. Qe6 Raf8 27. Bxf5 Rxf5 28. Qxh6+ Qh7 29. Bxg7+ 1-0

[Event "Wch U16 Girls"]
[Site "Khanty-Mansiysk"]
[Date "2016.09.23"]
[Round "2"]
[White "Kopcova, Ludmila"]
[Black "Sakorenko, Adriana"]
[Result "1/2-1/2"]
[WhiteElo "1798"]
[BlackElo "2007"]
[PlyCount "105"]
[EventDate "2016.09.22"]
[EventType "swiss"]
[EventRounds "11"]
[EventCountry "RUS"]
[SourceTitle "EXT 2017"]
[Source "ChessBase"]
[SourceDate "2016.10.25"]
[SourceVersion "1"]
[SourceVersionDate "2016.10.25"]
[SourceQuality "1"]

1. d4 Nf6 2. c4 e6 3. Nc3 Bb4 4. a3 Bxc3+ 5. bxc3 c5 6. e3 b6 7. Bd3 0-0 8. Ne2 Nc6 9. e4 d6 10. Bg5 h6 11. Bh4 e5 12. d5 Na5 13. Bxf6 Qxf6 14. Ng3 Qg5 15. 0-0 g6 16. Re1 h5 17. Ra2 Bd7 18. Nf1 Rae8 19. Qc1 Qxc1 20. Rxc1 Kg7 21. Re2 Bc8 22. Nd2 Bg4 23. f3 Bc8 24. Rf1 f5 25. g3 f4 26. Kg2 g5 27. Rh1 g4 28. Rf2 Rf6 29. Rhf1 Ref8 30. Be2 Kg6 31. Bd3 Kh6 32. Be2 fxg3 33. hxg3 gxf3+ 34. Rxf3 Rxf3 35. Rxf3 Rxf3 36. Kxf3 Bg4+ 37. Kf2 Bxe2 38. Kxe2 Kg5 39. Kf3 h4 40. gxh4+ Kxh4 41. Ke3 Kg4 42. Ke2 Kf4 43. Kd3 Nb7 44. Nf1 Nd8 45. Ne3 Nf7 46. Nf5 Kf3 47. Nh4+ Kf4 48. Nf5 a6 49. a4 Kf3 50. Nh4+ Kg4 51. Nf5 Kf4 52. Ne7 Ng5 53. Ng6+ 1/2-1/2

[Event "EU-ch U16 Girls 26th"]
[Site "Prague"]
[Date "2016.08.19"]
[Round "2"]
[White "Greibrokk, Ingrid Andrea"]
[Black "Kopcova, Ludmila"]
[Result "1-0"]
[WhiteElo "1912"]
[BlackElo "1738"]
[PlyCount "73"]
[EventDate "2016.08.18"]
[EventType "swiss"]
[EventRounds "9"]
[EventCountry "CZE"]
[SourceTitle "CBM 174 Extra"]
[Source "ChessBase"]
[SourceDate "2016.10.10"]
[SourceVersion "1"]
[SourceVersionDate "2016.10.10"]
[SourceQuality "1"]

1. e4 e5 2. Nf3 Nc6 3. Bb5 a6 4. Ba4 Nf6 5. d3 d6 6. c4 g6 7. 0-0 Bg7 8. Nc3 0-0 9. Bxc6 bxc6 10. d4 exd4 11. Nxd4 Bd7 12. Re1 Re8 13. f3 Qb8 14. Kh1 a5 15. Rb1 Qb7 16. c5 Kh8 17. Bg5 d5 18. e5 Ng8 19. Bf4 Qb4 20. a3 Qxc5 21. Na4 Qe7 22. Rc1 Qd8 23. Nc5 Rb8 24. e6 fxe6 25. Ncxe6 Bxe6 26. Nxe6 Qf6 27. Rxc6 Rxe6 28. Rcxe6 Qxf4 29. Qxd5 Nf6 30. Qxa5 h6 31. b4 Rd8 32. Qc5 Rd2 33. Re7 Ra2 34. Rxc7 Qd2 35. Rg1 Nh5 36. Qc4 g5 37. Qf7 1-0

[Event "EU-ch U14 Girls 25th"]
[Site "Porec"]
[Date "2015.09.29"]
[Round "8"]
[White "Kojek, Zala"]
[Black "Kopcova, Ludmila"]
[Result "1/2-1/2"]
[WhiteElo "1531"]
[BlackElo "1802"]
[PlyCount "48"]
[EventDate "2015.09.21"]
[EventType "swiss"]
[EventRounds "9"]
[EventCountry "CRO"]
[SourceTitle "EXT 2016"]
[Source "ChessBase"]
[SourceDate "2015.10.08"]
[SourceVersion "1"]
[SourceVersionDate "2015.10.08"]
[SourceQuality "1"]

1. d4 d5 2. Nf3 Nf6 3. g3 Bf5 4. Bg2 e6 5. 0-0 h6 6. c4 c6 7. Nc3 Bd6 8. b3 Nbd7 9. Bb2 0-0 10. Qd2 Ne4 11. Nxe4 Bxe4 12. e3 Qe7 13. Ne1 Bh7 14. Nd3 Nf6 15. Rac1 Ne4 16. Qe2 Ba3 17. Rfd1 a5 18. Bxa3 Qxa3 19. Qb2 Qe7 20. cxd5 exd5 21. Nc5 f5 22. Nd3 Nf6 23. Ne5 Nd7 24. f4 g5 1/2-1/2